00462nam a2200169Ia 450000500170000000800410001702000180005804100080007610000160008424500800010025000100018026000530019030000110024365000160025494200070027099900150027720260330112728.0260330s9999||||xx |||||||||||||| ||und|| a9789582005993 aspa aEdgar Morin 0aLos Siete Saberes Necesarios Para La Educación Del Futuro / cEdgar Morin a1 ed. aBogota, Colombia : bEditorial Magisterio.c1999 a134 p. aEDUCACIÓN cBK c2684d2684